खड़ीबोली का लोक साहित्य / (Record no. 120113)
[ view plain ]
| 000 -LEADER | |
|---|---|
| fixed length control field | 00943nam a22002417a 4500 |
| 005 - DATE AND TIME OF LATEST TRANSACTION | |
| control field | 20170124103153.0 |
| 010 ## - LIBRARY OF CONGRESS CONTROL NUMBER | |
| LC control number | 731367 |
| 020 ## - INTERNATIONAL STANDARD BOOK NUMBER | |
| Terms of availability | 00.00 |
| 035 ## - SYSTEM CONTROL NUMBER | |
| System control number | 731367 |
| 037 ## - SOURCE OF ACQUISITION | |
| Source of stock number/acquisition | Cen Lib/Ret |
| 040 ## - CATALOGING SOURCE | |
| Original cataloging agency | DPL |
| Language of cataloging | HN |
| 082 ## - DEWEY DECIMAL CLASSIFICATION NUMBER | |
| Classification number | 398 |
| Item number | गुप्तस |
| 100 ## - MAIN ENTRY--PERSONAL NAME | |
| Personal name | गुप्त, सत्या |
| 9 (RLIN) | 88598 |
| 245 ## - TITLE STATEMENT | |
| Title | खड़ीबोली का लोक साहित्य / |
| Statement of responsibility, etc | सत्या गुप्त |
| 246 ## - VARYING FORM OF TITLE | |
| Title proper/short title | Khadi boli ka lok sahitya |
| Remainder of title | by Satya Gupt |
| 300 ## - PHYSICAL DESCRIPTION | |
| Extent | अ:,494पृष्ठ. |
| Dimensions | 20सेमी(सजिल्द) |
| 500 ## - GENERAL NOTE | |
| General note | सहायक ग्रन्थ सूची शामिल |
| 650 ## - SUBJECT ADDED ENTRY--TOPICAL TERM | |
| Topical term or geographic name as entry element | हिंदी भाषा |
| 9 (RLIN) | 88599 |
| 650 ## - SUBJECT ADDED ENTRY--TOPICAL TERM | |
| Topical term or geographic name as entry element | खड़ीबोली की भाषागत सीमा |
| 9 (RLIN) | 82194 |
| 650 ## - SUBJECT ADDED ENTRY--TOPICAL TERM | |
| Topical term or geographic name as entry element | Hindi language |
| 9 (RLIN) | 9446 |
| 650 ## - SUBJECT ADDED ENTRY--TOPICAL TERM | |
| Topical term or geographic name as entry element | Khariboli the linguistic border |
| 9 (RLIN) | 88600 |
| 942 ## - ADDED ENTRY ELEMENTS (KOHA) | |
| Source of classification or shelving scheme | Dewey Decimal Classification |
| Koha item type | Hindi Books |
| Classification part | 398 |
| Call number suffix | गुप्तस |
| Withdrawn status | Lost status | Damaged status | Not for loan | Home library | Current library | Date acquired | Source of acquisition | Cost, normal purchase price | Total Checkouts | Full call number | Barcode | Date last seen | Date checked out | Copy number | Cost, replacement price | Price effective from | Koha item type |
|---|---|---|---|---|---|---|---|---|---|---|---|---|---|---|---|---|---|
| Central Library | Central Library | 21/09/2015 | Cen Lib/Ret | 0.00 | 4 | 398 गुप्तस | 731367 | 06/03/2019 | 12/02/2019 | 1 | 0.00 | 21/09/2015 | Hindi Books |
